Organizational behavior
Saved in:
| Other Authors: | , |
|---|---|
| Format: | Book |
| Language: | English |
| Published: |
North Carolina :
Eno River,
1985
|
| Series: | Business administration reading lists and cource outlines ;
; 9 |
| Subjects: | |
| Tags: |
Add Tag
No Tags, Be the first to tag this record!
|
MARC
| LEADER | 00000nam a2200000 i 4500 | ||
|---|---|---|---|
| 001 | 1/1326 | ||
| 008 | 950710s1985 eng d | ||
| 020 | |a 0-88024-108-X | ||
| 035 | |l 10014399 | ||
| 040 | |a GR-MY-UA |b gre |e aacr | ||
| 041 | 0 | |a eng | |
| 082 | 0 | |a 302.35 | |
| 245 | 1 | 0 | |a Organizational behavior / |c compiled by James W. Dean and Richard Schwindt |
| 260 | |a North Carolina : |b Eno River, |c 1985 | ||
| 300 | |a 207 p. | ||
| 490 | 1 | |a Business administration reading lists and cource outlines |v ; 9 | |
| 650 | 0 | 0 | |a Organizational behavior. |
| 650 | 0 | 0 | |a Business education |x Curricula. |
| 700 | 1 | |a Dean, James W. |4 com | |
| 700 | 1 | |a Schwindt, Richard. |4 com | |
| 830 | 0 | |a Business administration reading lists and cource outlines ; |v ; 9 | |
| 852 | |a INST |b LESVOS |e 19950710 |h 302.35 ORG |p 005100007799 |q 005100007799 |t BK |y 0 | ||
| 909 | |a Λ |b 007423 | ||
| 922 | |a 1ΕΛΗ |b 198702 |c ΠΠ/825/13 |d GLORY | ||
| 970 | |z 2000/06/ΟΙΚΟΝΟΜΟΠΟΥΛΟΥ ΧΡΙΣΤΙΝΑ | ||